Philippine fright : (Record no. 292283)
[ view plain ]
| 000 -LEADER | |
|---|---|
| fixed length control field | 00595nam a2200205Ia 4500 |
| 008 - FIXED-LENGTH DATA ELEMENTS--GENERAL INFORMATION | |
| fixed length control field | 160319s9999 xx 000 0 und d |
| 020 ## - INTERNATIONAL STANDARD BOOK NUMBER | |
| International Standard Book Number | 9716300417 |
| 050 ## - LIBRARY OF CONGRESS CALL NUMBER | |
| Classification number | 808.83 |
| 050 ## - LIBRARY OF CONGRESS CALL NUMBER | |
| Item number | B641p 1996 |
| 100 ## - MAIN ENTRY--PERSONAL NAME | |
| Personal name | Blanco, Marivi Soliven |
| 245 ## - TITLE STATEMENT | |
| Title | Philippine fright : |
| 245 ## - TITLE STATEMENT | |
| Remainder of title | 13 scary stories / |
| 245 ## - TITLE STATEMENT | |
| Statement of responsibility, etc | Marivi Soliven Blanco ; illustrated by Reinard P. Santos. |
| 260 ## - PUBLICATION, DISTRIBUTION, ETC. (IMPRINT) | |
| Name of publisher, distributor, etc | Tahanan Books for Young Readers |
| 260 ## - PUBLICATION, DISTRIBUTION, ETC. (IMPRINT) | |
| Date of publication, distribution, etc | 1996 |
| 300 ## - PHYSICAL DESCRIPTION | |
| Extent | 103 pages : |
| 300 ## - PHYSICAL DESCRIPTION | |
| Other physical details | illustrations (some col.) ; |
| 300 ## - PHYSICAL DESCRIPTION | |
| Dimensions | 23 cm. |
| 650 ## - SUBJECT ADDED ENTRY--TOPICAL TERM | |
| Topical term or geographic name as entry element | Short stories -- Philippine (English) |
No items available.